01462cam a22003494i 4500003000900000005001700009008004100026035001900067040003300086082002300119100002800142245008300170250000700253264005900260300005200319336002100371337002500392338002300417505052300440526001000963526001000973526001000983526001000993526000801003526000801011526000801019526000801027526000801035526000801043526000801051650005301059PE-LiUPU20250731173143.0150623s r 000 0 d a(Sirsi) a27650 aPE-LiUPUbspacPE-LiUPUerda04a270.9bS3119792211 aSchaff, Philip,eautor.10aHistory of the christian church.n2,Ante-Nicene Christianity /cPhilip Schaff. a5a 1aMichigan :bWm. B. Eerdmans Publishing Company,c1979. a877 páginas :bilustraciones tablas ;c22 cm. atext2rdacontent aunmediated2rdamedia avolume2rdacarrier0 aSpread of christianity. Persecution of christianity and christian martyrdom. Literary contest of christianity with judaims and heathenism. Organization and discipline of the church. Christian worship. Beginnings of christina art. The church in the catacomes. The christian life in contrast with pagan corruption. Ascetic tendencies. Montanism. The heresies of tghe ante-nicene age. The development of catholic theology. Ecclesiastical literature of the ante-nicene age, and biographical sketches of the chruch fathers. aSEG42 aSEG41 aSEG40 aSEG39 aP94 aP87 aP86 aP85 aP77 aP76 aP3504aIglesiaxHistoriayAntes de Nicea, 100-325 d. C.